000 00437nam a2200181Ia 4500
001 22489
005 20260414150834.0
008 260414t2013||||xx |||||||||||||| ||spa||
041 _aESP
082 _a621.38154
_bS29
100 _aScherz, Paul
_eAUT
245 0 _aPractical electronics for inventors
_b
260 _c2013
300 _axxv, 1014 páginas :
_c28 cm.
650 _aTCA
654 _aCET
942 _cLIB
_dJUS
_fJUS
_2ddc
_n
999 _c22489
_d22489